Normal view
MARC view
Entry Personal Name
001 - CONTROL NUMBER
- control field: 779887
003 - CONTROL NUMBER IDENTIFIER
- control field: OSt
005 - DATE AND TIME OF LATEST TRANSACTION
- control field: 20250508165111.0
008 - FIXED-LENGTH DATA ELEMENTS
- fixed length control field: 250508|| aca||aabn | a|a d
040 ## - CATALOGING SOURCE
- Original cataloging agency: OSt
- Transcribing agency: OSt
100 ## - HEADING--PERSONAL NAME
- Personal name: Sehgal Swati
670 ## - SOURCE DATA FOUND
- Source citation: Work cat.: (OSt)1393170: Sehgal Swati, Identity development and familial relations during adolescence: Refelctions from contemporary Indian writers in english, 2011
